| 000 | 010000000a22002890004500 | ||
|---|---|---|---|
| 001 | 18915 | ||
| 003 | CO-MdFUSB | ||
| 005 | 20220813122944.0 | ||
| 008 | 220813t1999 sp |||| |||| 00| 0 spa d | ||
| 020 | _a84-249-1853-3 | ||
| 040 |
_bspa. _aCO-MdFUSB _cCO-MdFUSB _dCO-MdFUSBC _erda |
||
| 041 | _aspa | ||
| 082 | 0 | 4 | _aR S475t |
| 100 | 1 | _aSéneca | |
| 245 | 1 | 0 |
_aTragedias / Séneca ; _cIntroducción, traducción y notas por Jesús Luque Moreno |
| 264 | 1 |
_aMadrid : _bGredos, _c[1999] |
|
| 264 | 4 | _c© 1999 | |
| 300 |
_aVol. 1: 358 páginas ; Vol. 2: 430 páginas _c; |
||
| 336 |
_2rdacontent _atexto _btxt |
||
| 337 |
_2rdamedia _asin mediación _bn |
||
| 338 |
_2rdacarrier _avolumen _bnc |
||
| 501 | _apasta dura | ||
| 505 | _aVolumen 1 : Las tragedias -- Hércules loco -- Las troyanas -- Las fenicias -- Medea. Volumen 2 : Fedra -- Edipo -- Agamenón -- Tiestes -- Hércules en el eta -- Octavia | ||
| 650 | 1 | 4 | _aMITOLOGIA - CLASICOS \ DRAMA LATINO |
| 942 | _cBK | ||
| 945 | _aestudiante | ||
| 999 |
_c45315 _d45315 |
||